000 00766nam a2200253Ia 4500
003 OSt
005 20220918164646.0
006 a|||||r|||| 00| 0
007 ta
008 220917b |||||||| |||| 00| 0 eng d
020 _a071000270X (hbk)
024 _a148,004
037 _cTextual
040 _aARTS
_cARTS
_beng
041 _2eng
_aeng
082 _aQ41:22524:g, 1511L9.1
245 0 _aSaddhammappakasini commentary on the Patsambhidamagga edited by C V Joshi
260 _aLondon
_bThe pali text society
_c1979
300 _a3v
_ccm.
490 _aPali text society/ text sereis; 103. Original text in roman script
650 _aRELIGION
942 _hQ41:22524:g, 1511L9.1
_cTEXL
_2CC
999 _c125807
_d125807